000 00670cam a22002053a 4500
001 42951
003 PGUSA
005 20140828083956.0
008 130615s2013||||xxu|||||s|||||000 | eng d
040 _aPGUSA
_beng
042 _adc
100 1 _aWhite, James
245 1 2 _aA New Century of Inventions :
_bBeing Designs and Descriptions of One Hundred Machines, relating to Arts, Manufactures, and Domestic Life
_h[electronic resource] /
_cJames White
260 _bProject Gutenberg,
_c2013
506 _aPublic domain in the USA.
516 _aElectronic text
830 0 _aProject Gutenberg
_v42951
856 4 0 _uhttp://www.gutenberg.org/ebooks/42951
942 _cEB
999 _c272203
_d272203